| 000 | 01009nam a2200265 i 4500 | ||
|---|---|---|---|
| 001 | 181309 | ||
| 003 | ES-MaACL | ||
| 005 | 20251018063109.0 | ||
| 008 | 121207s2009 sp a | |||||||| | spa d | ||
| 020 | _a97-884-92711-12-3 | ||
| 080 | _a94(460)"1931/39"(0:070) | ||
| 080 | _a070(460.283 C.)"1931/39" | ||
| 100 | 1 |
_aPage Martínez, Francisco Javier, _d1955- _9151929 |
|
| 245 | 1 | 3 |
_aLa proclamación de la II República en la prensa conquense / _cFrancisco Javier Page Martínez. |
| 260 |
_aCuenca : _bDiputación Provincial de Cuenca, _c[2009] |
||
| 300 |
_a207 p. : _bil. col. y n., gráf. ; _c20 cm. |
||
| 490 | 1 |
_aColección Atalaya ; _vn. 26 |
|
| 504 | _aBibliografía: p. 187-195. | ||
| 650 | 4 |
_aPrensa- _zCuenca. _9151930 |
|
| 651 | 4 |
_aEspaña- _xHistoria- _y1931-1939, II República- _xPrensa. _9151931 |
|
| 830 | 0 |
_aColección Atalaya ; _vn. 26 _9191431 |
|
| 852 |
_aES-MaACL _jA-12364 _9188193 _bR.146779 _cDEPO1 _dOlim: N-5369 |
||
| 942 |
_2udc _cMONOGRAFIA |
||
| 999 |
_c181309 _d181309 |
||